Az élőállat kereskedelem trendjei és kihívásai
| Szerző: | |
|---|---|
| További közreműködők: | |
| Dokumentumtípus: | Projektmunka |
| Kulcsszavak: | állattenyésztés fenntarthatóság nemzetközi kereskedelem nemzetközi logisztika szállítmányozás |
| Online Access: | http://dolgozattar.uni-bge.hu/59780 |
MARC
| LEADER | 00000nnm a2200000 i 4500 | ||
|---|---|---|---|
| 001 | dolg59780 | ||
| 005 | 20260409145545.0 | ||
| 008 | 260409suuuu hu o 000 hun d | ||
| 040 | |a BGE Dolgozattár Repozitórium |b hun | ||
| 041 | |a hu | ||
| 100 | 1 | |a Vámos Gergő | |
| 245 | 1 | 3 | |a Az élőállat kereskedelem trendjei és kihívásai |c Vámos Gergő |h [elektronikus dokumentum] |
| 516 | |a Project_work | ||
| 520 | 3 | |a A szakdolgozatomban az élőállat-kereskedelem jelenlegi helyzetét és az elmúlt években tapasztalható változásait vizsgálom. Célom továbbá a területet érintő legfontosabb kihívások bemutatása, valamint az állatjóléti és állategészségügyi szabályozások ismertetése.A kutatásomat az élőállat-kereskedelem kialakulásának bemutatásával kezdem, majd kitérnék a COVID-19 járvány élőállatpiacra gyakorolt hatásaira, különös tekintettel az export- és importforgalom alakulására ebben az időszakban.Emellett részletesen foglalkozoma környezetvédelem kereskedelemre gyakorolt szerepével is. | |
| 695 | |a állattenyésztés | ||
| 695 | |a fenntarthatóság | ||
| 695 | |a nemzetközi kereskedelem | ||
| 695 | |a nemzetközi logisztika | ||
| 695 | |a szállítmányozás | ||
| 700 | 1 | |a Békési Gábor György |e ths | |
| 856 | 4 | 0 | |u http://dolgozattar.uni-bge.hu/59780/1/Az%20%C3%A9l%C5%91%C3%A1llat%20kereskedelem%20trendjei%20%C3%A9s%20kih%C3%ADv%C3%A1sai.pdf |z Dokumentum-elérés |
| 856 | 4 | 0 | |u http://dolgozattar.uni-bge.hu/59780/2/Az%20%C3%A9l%C5%91%C3%A1llat%20kereskedelem%20trendjei%20%C3%A9s%20kih%C3%ADv%C3%A1sai.pdf |z Dokumentum-elérés |
| 856 | 4 | 0 | |u http://dolgozattar.uni-bge.hu/59780/3/Biralat_V%C3%A1mos%20Gerg%C5%91.pdf |z Dokumentum-elérés |